ბათუმის შოთა რუსთაველის სახელმწიფო უნივერსიტეტის ბიბლიოთეკა

გეორგიკა : (ბიბ.ჩანაწერი № 56181)

000 -ლიდერი
ფიქსირებული სიგრძის საკონტროლო ველი 02163nam a2200265Ia 4500
001 - საკონტროლო ნომერი
საკონტროლო ველი 23282
003 - საკონტროლო ნომრის იდენტიფიკატორი
საკონტროლო ველი GE_BSU
005 - ბოლო ოპერაციის თარიღი და დრო
საკონტროლო ველი 20230630112048.0
008 - ფიქსირებული სიგრძის მონაცემთა ელემენტები - ზოგადი ინფორმაცია
ფიქსირებული სიგრძის საკონტროლო ველი 181216s1965ge xx |||||||||||||| ||geo||
040 ## - კატალოგიზაციის წყარო
Transcribing agency GE_BSU
041 ## - ენის კოდი
Language code of text/sound track or separate title geo
080 ## - უნივერსალური ათობითი კლასიფიკაციის ინდექსი
Universal Decimal Classification number 94(479.22)(093უცხ.) გ-34
245 ## - ცნობა სათაურის შესახებ
Title გეორგიკა :
Remainder of title ბიზანტიელი მწერლების ცნობები საქართველოს შესახებ. ტ. 2 /
Statement of responsibility, etc ტექსტები ქართული თარგმანითურთ გამოსცა და განმარტებები დაურთო სიმონ ყაუხჩიშვილმა. მთავ. რედ. ი. აბულაძე., ვლ. ფუთურიძე და სხვ.
250 ## - გამოცემის ცნობა
Edition statement მეორე შვსებ. გამოცემა.
264 ## - წარმოების, გამოცემის, დისტრიბუციის და სხვა ცნობები
გამოცემის, წარმოების, დისტრიბუციის... ადგილი თბილისი :
გამოცემის, წარმოების, დისტრიბუციის... სახელწოდება მეცნიერება,
გამოცემის, წარმოების, დისტრიბუციის... თარიღი 1965.
300 ## - ფიზიკური აღწერა
Extent 334 გვ.:
Other physical details 22 სმ.
440 ## - სერიის ცნობა / დამატებულია ჩანაწერი - სათაური
Title უცხოური წყაროები საქართველოს შესახებ
9 (RLIN) 18580
501 ## - შენიშვნა თანმხლებ მასალაზე
With note საკუთარ სახელთა საძიებელი.გვ. 300-328 - საგანთა საძიებელი. გვ. 329-332
653 ## - INDEX TERM--UNCONTROLLED
Uncontrolled term გეორგიკა : ბიზანტიელი მწერლების ცნობები საქართველოს შესახებ. ტ. 2
653 ## - INDEX TERM--UNCONTROLLED
Uncontrolled term საქართველოს ისტორიის ბიზანტიური წყაროები
700 ## - ADDED ENTRY--PERSONAL NAME
Personal name ყაუხჩიშვილი, სიმონ
Relator term მთარგმნელი
9 (RLIN) 1490
700 ## - ADDED ENTRY--PERSONAL NAME
Personal name აბულაძე, ი
Relator term თავარი რედაქტორი და სხვ
9 (RLIN) 19098
710 ## - ADDED ENTRY--CORPORATE NAME
Corporate name or jurisdiction name as entry element საქ. სსრ მეცნ. აკადემია, საქ. შესახებ არსებული უცხოური წყაროების კომისია, ივ. ჯავახიშვილის სახ. ისტორიის ინ-ტი.
9 (RLIN) 19099
942 ## - ADDED ENTRY ELEMENTS (KOHA)
Koha item type წიგნი
Source of classification or shelving scheme
ეგზემპლარები
ჩამოწერის სტატუსი დაკარგული ეგზემპლარის სტატუსი კლასიფიკაციის წყარო ან თაროზე გაწყობის სქემა დაზიანების სტატუსი არ გაიცემა მუდმივი მდებარეობა (დაცვის ადგილი) ამჟამინდელი ადგილსამყოფელი თაროზე განთავსების ადგილი შეძენის თარიღი ღირებულება, შესყიდვის ნორმალური ფასი სრული შენახვის შიფრი შტრიხკოდი ბოლო ოპერაციის თარიღი ეგზემპლარის მიმდევრობითი ნომერი (კეტერი?) ფასის ძალაში შესვლის თარიღი ეგზემპლარის სახეობა საჯარო შენიშვნა Uniform Resource Identifier
          ბათუმის შოთა რუსთაველის სახელმწიფო უნივერსიტეტის მთავარი ბიბლიოთეკა ბათუმის შოთა რუსთაველის სახელმწიფო უნივერსიტეტის მთავარი ბიბლიოთეკა წიგნსაცავი 2018-12-17 3.00 94(479.22)(093უცხ.) გ-34 28252 2018-12-17 28252 2018-12-17 წიგნი 3ლ. 38თ.  
          ბათუმის შოთა რუსთაველის სახელმწიფო უნივერსიტეტის მთავარი ბიბლიოთეკა ბათუმის შოთა რუსთაველის სახელმწიფო უნივერსიტეტის მთავარი ბიბლიოთეკა წიგნსაცავი 2023-06-30 5.00 94(479.22)(093უცხ.) გ-34 64878 2023-06-30 64878 2023-06-30 წიგნი 5.00 ბსუ-ს საპატიო დოქტორის გურამ ლორთქიფანიძის საჩუქარი